[Event "Iberoamerican-ch 9th"]
[Site "Panama City"]
[Date "2023.11.26"]
[Round "3"]
[White "Brown Camano, Andres Camilo"]
[Black "Vasquez Jaen, Lourdes Lorena"]
[Result "0-1"]
[WhiteElo "1307"]
[BlackElo "1685"]
[PlyCount "92"]
[EventDate "2023.11.25"]
[EventType "swiss"]
[EventRounds "9"]
[EventCountry "PAN"]
[SourceTitle "CB49_2023"]
[SourceDate "2023.12.06"]
[SourceVersion "1"]
[SourceVersionDate "2023.12.06"]
[SourceQuality "1"]

1. c4 g6 2. d4 Bg7 3. Nc3 e6 4. Nf3 Ne7 5. g3 0-0 6. Bg2 d5 7. cxd5 exd5 8. 0-0 c6 9. Bf4 Na6 10. Rc1 Nc7 11. Be5 f6 12. Bxc7 Qxc7 13. Ne1 Qd8 14. Nd3 Kh8 15. e3 Rb8 16. h4 h5 17. Nf4 Qe8 18. e4 dxe4 19. Nxe4 Nf5 20. Re1 Qf7 21. Bh3 Rd8 22. Bxf5 Bxf5 23. b3 Bxe4 24. Rxe4 Rd7 25. Re6 Bh6 26. Re4 f5 27. Re2 Bxf4 28. gxf4 Rbd8 29. Qe1 Qf6 30. Re8+ Kg7 31. Qe5 Rxe8 32. Qxe8 Re7 33. Qb8 Qxd4 34. Kg2 Re2 35. Qxb7+ Kh6 36. Rf1 Qxf4 37. Qxc6 Qg4+ 38. Kh2 Qxh4+ 39. Kg1 Qg4+ 40. Kh1 Re4 41. Qc1+ f4 42. Qd1 Qh3+ 43. Kg1 Re5 44. f3 Rg5+ 45. Kf2 Qg2+ 46. Ke1 Re5+ 0-1

[Event "Caribean-chT Blitz 24th"]
[Site "San Salvador"]
[Date "2023.07.06"]
[Round "2.1"]
[White "Argote Heredia, Valentina"]
[Black "Vasquez Jaen, Lourdes Lorena"]
[Result "1-0"]
[WhiteElo "2128"]
[BlackElo "1622"]
[PlyCount "52"]
[EventDate "2023.07.06"]
[EventType "tourn (blitz)"]
[EventRounds "15"]
[EventCountry "ESA"]
[SourceTitle "CBM 215 Extra"]
[Source "ChessBase"]
[SourceDate "2023.09.30"]
[SourceVersion "1"]
[SourceVersionDate "2023.09.30"]
[SourceQuality "1"]
[WhiteTeam "Colombia"]
[BlackTeam "Panama"]
[WhiteTeamCountry "COL"]
[BlackTeamCountry "PAN"]

1. e4 c5 2. Nf3 g6 3. d4 cxd4 4. Nxd4 Bg7 5. c4 Nc6 6. Be3 Nf6 7. Nc3 d6 8. Be2 Bd7 9. f3 0-0 10. Qd2 Nxd4 11. Bxd4 Bc6 12. h4 h6 13. g4 Nd7 14. 0-0-0 a6 15. Kb1 b5 16. cxb5 axb5 17. Bxg7 Kxg7 18. Nxb5 Ra5 19. Qc3+ Kh7 20. Qxc6 Nc5 21. e5 Qb8 22. exd6 exd6 23. Qxd6 Qxd6 24. Rxd6 Rfa8 25. a3 Nb3 26. Rhd1 Kg7 1-0

[Event "Caribean-chT Blitz 24th"]
[Site "San Salvador"]
[Date "2023.07.06"]
[Round "7.1"]
[White "Johnson, Gabriella"]
[Black "Vasquez Jaen, Lourdes Lorena"]
[Result "1-0"]
[WhiteElo "1724"]
[BlackElo "1622"]
[PlyCount "39"]
[EventDate "2023.07.06"]
[EventType "tourn (blitz)"]
[EventRounds "15"]
[EventCountry "ESA"]
[SourceTitle "CBM 215 Extra"]
[Source "ChessBase"]
[SourceDate "2023.09.30"]
[SourceVersion "1"]
[SourceVersionDate "2023.09.30"]
[SourceQuality "1"]
[WhiteTeam "Trinidad and Tobago"]
[BlackTeam "Panama"]
[WhiteTeamCountry "TRI"]
[BlackTeamCountry "PAN"]

1. e4 c5 2. Nf3 g6 3. c3 Bg7 4. d4 cxd4 5. cxd4 d5 6. e5 a6 7. Be2 Nc6 8. Nbd2 f6 9. exf6 Nxf6 10. 0-0 0-0 11. Nb3 Nh5 12. Be3 Kh8 13. Rc1 Nf4 14. Nc5 Nxe2+ 15. Qxe2 Bg4 16. h3 Bxf3 17. gxf3 Qc8 18. Rfd1 Qxh3 19. Nd3 Rxf3 20. Nf4 1-0

[Event "Caribean-chT Blitz 24th"]
[Site "San Salvador"]
[Date "2023.07.06"]
[Round "3.1"]
[White "Vasquez Jaen, Lourdes Lorena"]
[Black "Guillen Cristobal, Sandra Nayeli"]
[Result "0-1"]
[WhiteElo "1622"]
[BlackElo "1863"]
[PlyCount "44"]
[EventDate "2023.07.06"]
[EventType "tourn (blitz)"]
[EventRounds "15"]
[EventCountry "ESA"]
[SourceTitle "CBM 215 Extra"]
[Source "ChessBase"]
[SourceDate "2023.09.30"]
[SourceVersion "1"]
[SourceVersionDate "2023.09.30"]
[SourceQuality "1"]
[WhiteTeam "Panama"]
[BlackTeam "Mexico"]
[WhiteTeamCountry "PAN"]
[BlackTeamCountry "MEX"]

1. e4 c5 2. Nf3 Nc6 3. Bb5 g6 4. 0-0 Bg7 5. c3 e5 6. Na3 Nge7 7. Be2 0-0 8. Nc4 Qc7 9. Ne3 d6 10. b3 f5 11. Bc4+ Kh8 12. Nd5 Qd8 13. d4 fxe4 14. Ng5 cxd4 15. cxd4 Nxd4 16. Nxe4 a6 17. Bg5 Ndc6 18. Ndf6 b5 19. Bd5 Bf5 20. Qf3 Nxd5 21. Nxd5 Bxe4 22. Bxd8 Bxf3 0-1

[Event "Caribean-chT Rapid 24th"]
[Site "San Salvador"]
[Date "2023.07.05"]
[Round "15.1"]
[White "Vasquez Jaen, Lourdes Lorena"]
[Black "Gonzalez Peguero, Mary Loly"]
[Result "0-1"]
[WhiteElo "1561"]
[BlackElo "1688"]
[PlyCount "70"]
[EventDate "2023.07.03"]
[EventType "tourn (rapid)"]
[EventRounds "15"]
[EventCountry "ESA"]
[SourceTitle "CBM 215 Extra"]
[Source "ChessBase"]
[SourceDate "2023.09.30"]
[SourceVersion "1"]
[SourceVersionDate "2023.09.30"]
[SourceQuality "1"]
[WhiteTeam "Panama"]
[BlackTeam "Dominican Republic"]
[WhiteTeamCountry "PAN"]
[BlackTeamCountry "DOM"]

1. e4 d6 2. d4 Nf6 3. Bd3 e5 4. dxe5 dxe5 5. Nc3 Be7 6. h3 0-0 7. Nf3 Nbd7 8. Be3 c6 9. Qd2 Qc7 10. 0-0 Nc5 11. Bxc5 Bxc5 12. Nh4 Nh5 13. Ne2 Qe7 14. Nf5 Bxf5 15. exf5 e4 16. Bc4 e3 17. Qc3 exf2+ 18. Kh1 Rad8 19. Qf3 Qg5 20. g4 Nf6 21. Ng3 Rfe8 22. Qb3 Re3 23. Bxf7+ Kh8 24. Qxb7 Rxg3 25. Qc7 Rf8 26. Qxg3 Rxf7 27. Rad1 h6 28. Rd8+ Kh7 29. Qb3 Qh4 30. Kg2 Nd5 31. Qb8 Ne3+ 32. Kf3 Qxh3+ 33. Ke4 Qxg4+ 34. Kd3 Qxf5+ 35. Kc3 Qxc2# 0-1

[Event "Caribean-chT Rapid 24th"]
[Site "San Salvador"]
[Date "2023.07.05"]
[Round "11.1"]
[White "Vasquez Jaen, Lourdes Lorena"]
[Black "Hernandez Alvarez, Tania Regla"]
[Result "1-0"]
[WhiteElo "1561"]
[BlackElo "2012"]
[PlyCount "59"]
[EventDate "2023.07.03"]
[EventType "tourn (rapid)"]
[EventRounds "15"]
[EventCountry "ESA"]
[SourceTitle "CBM 215 Extra"]
[Source "ChessBase"]
[SourceDate "2023.09.30"]
[SourceVersion "1"]
[SourceVersionDate "2023.09.30"]
[SourceQuality "1"]
[WhiteTeam "Panama"]
[BlackTeam "Costa Rica"]
[WhiteTeamCountry "PAN"]
[BlackTeamCountry "CRI"]

1. e4 c5 2. Nf3 g6 3. d4 cxd4 4. Qxd4 Nf6 5. e5 Nc6 6. Qa4 Nd5 7. Bb5 Bg7 8. Qe4 Qa5+ 9. Nbd2 Qxb5 10. c4 Qa5 11. cxd5 Nb4 12. d6 Qb5 13. Nc4 0-0 14. 0-0 exd6 15. Nxd6 Qb6 16. Be3 Qa5 17. Bd2 Qb6 18. Bxb4 a5 19. Bc3 h6 20. Rac1 Kh7 21. Bd4 Qd8 22. Bc5 f5 23. exf6 Rxf6 24. Nxc8 Rxc8 25. Bd4 Re6 26. Qd5 Rcc6 27. Bxg7 Kxg7 28. Nd4 Red6 29. Nxc6 dxc6 30. Qd1 1-0

[Event "Caribean-chT Rapid 24th"]
[Site "San Salvador"]
[Date "2023.07.04"]
[Round "8.1"]
[White "Wilson, Hannah"]
[Black "Vasquez Jaen, Lourdes Lorena"]
[Result "1-0"]
[WhiteElo "1542"]
[BlackElo "1561"]
[PlyCount "77"]
[EventDate "2023.07.03"]
[EventType "tourn (rapid)"]
[EventRounds "15"]
[EventCountry "ESA"]
[SourceTitle "CBM 215 Extra"]
[Source "ChessBase"]
[SourceDate "2023.09.30"]
[SourceVersion "1"]
[SourceVersionDate "2023.09.30"]
[SourceQuality "1"]
[WhiteTeam "Barbados"]
[BlackTeam "Panama"]
[WhiteTeamCountry "BAR"]
[BlackTeamCountry "PAN"]

1. d4 Nf6 2. Nc3 g6 3. e4 d6 4. Nf3 Bg7 5. Be2 0-0 6. h3 b6 7. Be3 Bb7 8. Nd2 d5 9. exd5 Nxd5 10. Nxd5 Bxd5 11. Bf3 Nc6 12. Bxd5 Qxd5 13. Nf3 Qb5 14. Qc1 Rad8 15. c4 Qa5+ 16. Bd2 Qf5 17. d5 Qe4+ 18. Be3 Na5 19. Nd2 Qxg2 20. Ke2 f5 21. Nf3 f4 22. Rh2 Qxh2 23. Nxh2 fxe3 24. fxe3 e6 25. dxe6 Rde8 26. Rb1 Rxe6 27. b4 Nc6 28. Qa3 Nd4+ 29. Kd3 Nf5 30. Re1 Rd8+ 31. Kc2 Bh6 32. e4 Rd2+ 33. Kb1 Rxh2 34. Rd1 Nd6 35. c5 Nc4 36. Qd3 Rb2+ 37. Ka1 b5 38. Qd8+ Bf8 39. Rf1 1-0

[Event "Caribean-chT Rapid 24th"]
[Site "San Salvador"]
[Date "2023.07.03"]
[Round "5.1"]
[White "Vasquez Jaen, Lourdes Lorena"]
[Black "Seine, Rose Berline"]
[Result "1-0"]
[WhiteElo "1561"]
[BlackElo "1671"]
[PlyCount "88"]
[EventDate "2023.07.03"]
[EventType "tourn (rapid)"]
[EventRounds "15"]
[EventCountry "ESA"]
[SourceTitle "CBM 215 Extra"]
[Source "ChessBase"]
[SourceDate "2023.09.30"]
[SourceVersion "1"]
[SourceVersionDate "2023.09.30"]
[SourceQuality "1"]
[WhiteTeam "Panama"]
[BlackTeam "Haiti"]
[WhiteTeamCountry "PAN"]
[BlackTeamCountry "HAI"]

1. e4 e5 2. Nf3 Nc6 3. Bc4 Bc5 4. 0-0 Nf6 5. d3 h6 6. c3 0-0 7. Be3 Bxe3 8. fxe3 d5 9. exd5 Nxd5 10. Qe2 a6 11. Bb3 Re8 12. Bc2 Nf6 13. Nbd2 Bg4 14. Rad1 Qe7 15. Qf2 Rad8 16. Rde1 Bf5 17. e4 Be6 18. Bb1 Ng4 19. Qe2 Nf6 20. Nh4 Nd7 21. Nf5 Bxf5 22. Rxf5 Qc5+ 23. Kh1 Ne7 24. Rf3 Ng6 25. Ref1 Nf4 26. Qe1 Nf6 27. Nc4 Ne6 28. Ne3 Ng5 29. Rf5 Qe7 30. R5f2 Rf8 31. Nf5 Qe6 32. Nxh6+ Kh8 33. Nf5 g6 34. Nh6 Ng4 35. Nxg4 Qxg4 36. h3 Qh4 37. Qe3 Kg7 38. d4 exd4 39. cxd4 Rd7 40. e5 Re7 41. Rf4 Qh6 42. Qg3 c6 43. R4f2 Rh8 44. Qf4 Qh4 1-0

[Event "Central America-ch (Women) 24th"]
[Site "San Salvador"]
[Date "2023.01.21"]
[Round "10"]
[White "Seine, Rose Berline"]
[Black "Vasquez Jaen, Lourdes Lorena"]
[Result "1-0"]
[WhiteElo "1632"]
[BlackElo "1537"]
[PlyCount "107"]
[EventDate "2023.01.21"]
[EventType "swiss"]
[EventRounds "11"]
[EventCountry "ESA"]
[SourceTitle "CBM 212 Extra"]
[Source "ChessBase"]
[SourceDate "2023.03.31"]
[SourceVersion "1"]
[SourceVersionDate "2023.03.31"]
[SourceQuality "1"]

1. d4 d5 2. c4 e6 3. Nc3 Nf6 4. Nf3 Be7 5. Bf4 0-0 6. e3 b6 7. Bd3 dxc4 8. Bxc4 Bb7 9. 0-0 Nbd7 10. Nb5 c5 11. Nc7 Rc8 12. Bxe6 fxe6 13. Nxe6 Qe8 14. Nxf8 Qxf8 15. dxc5 Nxc5 16. Nd4 Nd5 17. Bg3 Qf7 18. Re1 Nb4 19. Re2 Ne4 20. f3 Nxg3 21. hxg3 Qg6 22. a3 Nd5 23. Qb3 Kh8 24. Kf2 Bd6 25. g4 Bc5 26. Rd1 Nf6 27. Qe6 Bxd4 28. Rxd4 Qe8 29. Qf5 Ba6 30. Red2 h6 31. Qxc8 Qxc8 32. Rd8+ Qxd8 33. Rxd8+ Kh7 34. Ra8 Nd5 35. Rxa7 Bc4 36. e4 Nf4 37. b4 Nd3+ 38. Ke3 Ne1 39. g3 Nc2+ 40. Kd2 Nd4 41. Kc3 Nb5+ 42. Kxc4 Nxa7 43. a4 Kg6 44. f4 Kf6 45. a5 bxa5 46. bxa5 g5 47. Kc5 gxf4 48. gxf4 Ke6 49. Kb6 Nc8+ 50. Kc7 Nd6 51. a6 Nxe4 52. a7 Nf2 53. a8Q Nxg4 54. Qc8+ 1-0

[Event "Central America-ch (Women) 24th"]
[Site "San Salvador"]
[Date "2023.01.21"]
[Round "3"]
[White "Vasquez Jaen, Lourdes Lorena"]
[Black "Castillo Beitia, Ashley Alexandra"]
[Result "0-1"]
[WhiteElo "1537"]
[BlackElo "1689"]
[PlyCount "124"]
[EventDate "2023.01.21"]
[EventType "swiss"]
[EventRounds "11"]
[EventCountry "ESA"]
[SourceTitle "CBM 212 Extra"]
[Source "ChessBase"]
[SourceDate "2023.03.31"]
[SourceVersion "1"]
[SourceVersionDate "2023.03.31"]
[SourceQuality "1"]

1. e4 c5 2. Nf3 Nc6 3. g3 g6 4. Bg2 Bg7 5. 0-0 e5 6. c3 Nge7 7. d3 0-0 8. Nbd2 d6 9. Re1 b6 10. Nf1 Rb8 11. Ne3 h6 12. a4 Be6 13. b3 f5 14. Nh4 f4 15. Nd5 g5 16. Nxe7+ Nxe7 17. Nf3 Ng6 18. Bb2 Qf6 19. Rf1 Rb7 20. h3 g4 21. hxg4 Bxg4 22. d4 Rbf7 23. dxe5 Nxe5 24. c4 Nxf3+ 25. Bxf3 Qxb2 26. Bxg4 Qxa1 27. Qxa1 Bxa1 28. Rxa1 Re7 29. Rd1 Rf6 30. Bf5 fxg3 31. fxg3 Kf7 32. Kg2 Re5 33. g4 Ke7 34. Kg3 a6 35. g5 hxg5 36. Rh1 Rfxf5 37. exf5 Rxf5 38. Kg4 Rf4+ 39. Kxg5 Rf3 40. Re1+ Kd7 41. Rb1 Kc6 42. Kg4 Rc3 43. Kf4 b5 44. cxb5+ axb5 45. axb5+ Kxb5 46. Ke4 Kb4 47. Rd1 Rxb3 48. Rxd6 c4 49. Rc6 Rb2 50. Kd4 Rd2+ 51. Ke3 Rd7 52. Rc8 Kb3 53. Rb8+ Kc2 54. Rc8 c3 55. Ke2 Kb2 56. Rb8+ Kc1 57. Rc8 c2 58. Rb8 Re7+ 59. Kf2 Re5 60. Rc8 Kd2 61. Rd8+ Kc3 62. Rc8+ Kd3 0-1

[Event "Central America-ch (Women) 24th"]
[Site "San Salvador"]
[Date "2023.01.21"]
[Round "1"]
[White "Vasquez Jaen, Lourdes Lorena"]
[Black "Chirivi Castiblanco, Jenny Astrid"]
[Result "0-1"]
[WhiteElo "1537"]
[BlackElo "2024"]
[PlyCount "128"]
[EventDate "2023.01.21"]
[EventType "swiss"]
[EventRounds "11"]
[EventCountry "ESA"]
[SourceTitle "CBM 212 Extra"]
[Source "ChessBase"]
[SourceDate "2023.03.31"]
[SourceVersion "1"]
[SourceVersionDate "2023.03.31"]
[SourceQuality "1"]

1. e4 c5 2. Nf3 e6 3. d4 cxd4 4. Nxd4 a6 5. Be3 Qc7 6. Bd3 Nf6 7. 0-0 d5 8. exd5 Nxd5 9. Bd2 Bd6 10. Nf3 Nc6 11. Nc3 Nf6 12. Re1 0-0 13. Ne4 Nxe4 14. Bxe4 Bf4 15. Bxf4 Qxf4 16. Qd3 g6 17. Bxc6 bxc6 18. Ne5 c5 19. Qc3 Qb4 20. Qe3 Qd4 21. Qxd4 cxd4 22. Nc6 f6 23. Nxd4 e5 24. Nc6 Bd7 25. Ne7+ Kf7 26. Nd5 Rab8 27. b3 a5 28. a4 Rfc8 29. Re2 Be6 30. Ne3 Rc5 31. f3 f5 32. g3 Kf6 33. Rd1 Rb6 34. Kf2 g5 35. Red2 h5 36. Rd6 Rxd6 37. Rxd6 Ke7 38. Rd2 g4 39. Nd1 f4 40. Nb2 Rc3 41. Nd3 Kf6 42. gxf4 exf4 43. fxg4 hxg4 44. Nxf4 Rf3+ 45. Kg2 Rxf4 46. Rd3 Re4 47. Kg3 Re5 48. Rd6 Kg5 49. Rd4 Bf5 50. Rd2 Re3+ 51. Kf2 Rc3 52. b4 axb4 53. a5 Ra3 54. Rd4 Rxa5 55. Rxb4 Ra2 56. Kg3 Rxc2 57. Rb8 Rc3+ 58. Kf2 Kf4 59. Rb4+ Be4 60. Rb2 Rc1 61. Rd2 Rh1 62. Rd8 Rxh2+ 63. Kf1 Rh1+ 64. Kf2 g3+ 0-1

[Event "Central America-ch (Women) 24th"]
[Site "San Salvador"]
[Date "2023.01.21"]
[Round "8"]
[White "Vasquez Jaen, Lourdes Lorena"]
[Black "Fuentes Godoy, Lilia Ivonne"]
[Result "0-1"]
[WhiteElo "1537"]
[BlackElo "2096"]
[PlyCount "58"]
[EventDate "2023.01.21"]
[EventType "swiss"]
[EventRounds "11"]
[EventCountry "ESA"]
[SourceTitle "CBM 212 Extra"]
[Source "ChessBase"]
[SourceDate "2023.03.31"]
[SourceVersion "1"]
[SourceVersionDate "2023.03.31"]
[SourceQuality "1"]

1. e4 c5 2. Nf3 Nc6 3. d4 cxd4 4. Nxd4 e5 5. Nb5 a6 6. Nd6+ Bxd6 7. Qxd6 Qe7 8. Qxe7+ Ngxe7 9. Bd2 d5 10. exd5 Nxd5 11. Na3 Bf5 12. Bc4 0-0-0 13. 0-0 Nb6 14. Be3 Nd5 15. Bxd5 Rxd5 16. c4 Rd7 17. Bb6 Bd3 18. Rfe1 Re8 19. f3 f5 20. Rac1 Re6 21. Bc5 Rg6 22. Nb1 e4 23. fxe4 Bxe4 24. Re2 Ne5 25. b4 Nf3+ 26. Kh1 Nh4 27. Rg1 Nxg2 28. Rexg2 Rxg2 29. Rxg2 Rd1+ 0-1

[Event "American Continental (Women)"]
[Site "Cuenca"]
[Date "2022.12.10"]
[Round "9"]
[White "Ruiz Villalba, Andrea"]
[Black "Vasquez Jaen, Lourdes Lorena"]
[Result "0-1"]
[WhiteElo "1805"]
[BlackElo "1634"]
[PlyCount "62"]
[EventDate "2022.12.05"]
[EventType "swiss"]
[EventRounds "9"]
[EventCountry "ECU"]
[SourceTitle "CBM 211 Extra"]
[Source "ChessBase"]
[SourceDate "2023.01.31"]
[SourceVersion "1"]
[SourceVersionDate "2023.01.31"]
[SourceQuality "1"]

1. e4 c5 2. Nf3 g6 3. d4 cxd4 4. Qxd4 Nf6 5. Nc3 Nc6 6. Qa4 d6 7. e5 dxe5 8. Nxe5 Bd7 9. Nxc6 bxc6 10. Be2 Bg7 11. 0-0 0-0 12. Bf3 Nd5 13. Ne4 Qb6 14. c4 f5 15. cxd5 fxe4 16. Qxe4 cxd5 17. Qxe7 Rxf3 18. gxf3 Bb5 19. Rd1 Re8 20. Qb4 a5 21. Qb3 a4 22. Qxd5+ Kh8 23. Be3 Qa6 24. Bd4 Bc6 25. Qf7 Bxd4 26. Rxd4 Qb5 27. Rd8 Qg5+ 28. Kh1 Qxd8 29. Rc1 Rf8 30. Qe6 Bxf3+ 31. Kg1 Qg5+ 0-1

[Event "American Continental (Women)"]
[Site "Cuenca"]
[Date "2022.12.09"]
[Round "7"]
[White "Zhingri Dutan, Mabel Carolina"]
[Black "Vasquez Jaen, Lourdes Lorena"]
[Result "1-0"]
[WhiteElo "1304"]
[BlackElo "1634"]
[PlyCount "97"]
[EventDate "2022.12.05"]
[EventType "swiss"]
[EventRounds "9"]
[EventCountry "ECU"]
[SourceTitle "CBM 211 Extra"]
[Source "ChessBase"]
[SourceDate "2023.01.31"]
[SourceVersion "1"]
[SourceVersionDate "2023.01.31"]
[SourceQuality "1"]

1. d4 d5 2. c4 e6 3. cxd5 exd5 4. Nf3 Nf6 5. Bg5 Be7 6. e3 0-0 7. Bd3 h6 8. Bh4 Nbd7 9. Nc3 Re8 10. Rc1 c6 11. Bg3 Nf8 12. 0-0 Bd6 13. Ne5 Bxe5 14. Bxe5 Ng4 15. Bg3 Ng6 16. h3 Nf6 17. Qc2 Kh7 18. Ne2 Ne4 19. Bxe4 dxe4 20. Nc3 f5 21. Qb3 Qg5 22. d5 f4 23. exf4 Nxf4 24. Bxf4 Qxf4 25. Ne2 Qg5 26. dxc6 bxc6 27. Qg3 Qxg3 28. Nxg3 Be6 29. Rxc6 Bxa2 30. Re1 Rab8 31. Ra6 Rxb2 32. Rxa7 Bd5 33. Ra4 e3 34. f3 Rc8 35. Nf1 e2 36. Ng3 Rcc2 37. Kf2 Bc6 38. Rd4 Bb5 39. Re4 Rc6 40. Nxe2 Rg6 41. g4 Bc6 42. Re3 h5 43. Kg3 hxg4 44. hxg4 Rb4 45. Nf4 Rf6 46. Nd3 Rd4 47. Ne5 Bb5 48. Rb3 Bc4 49. Rb4 1-0

[Event "American Continental (Women)"]
[Site "Cuenca"]
[Date "2022.12.07"]
[Round "4"]
[White "Heredia Serrano, Carla Sofia"]
[Black "Vasquez Jaen, Lourdes Lorena"]
[Result "1-0"]
[WhiteElo "2091"]
[BlackElo "1634"]
[PlyCount "87"]
[EventDate "2022.12.05"]
[EventType "swiss"]
[EventRounds "9"]
[EventCountry "ECU"]
[SourceTitle "CBM 211 Extra"]
[Source "ChessBase"]
[SourceDate "2023.01.31"]
[SourceVersion "1"]
[SourceVersionDate "2023.01.31"]
[SourceQuality "1"]

1. e4 c5 2. Nc3 g6 3. f4 Bg7 4. Nf3 Nc6 5. Bc4 e6 6. 0-0 Nge7 7. Qe1 0-0 8. d3 d5 9. Bb3 a6 10. a4 Nd4 11. Nxd4 cxd4 12. Nb1 dxe4 13. Qxe4 Bd7 14. Nd2 Bc6 15. Qe2 Nf5 16. Nf3 Nh4 17. Nxh4 Qxh4 18. a5 Rac8 19. Bd2 Bd5 20. Bxd5 exd5 21. Rac1 Rfe8 22. Qf3 Rc6 23. Rf2 Qd8 24. f5 gxf5 25. Qh5 Qc7 26. Rxf5 Rg6 27. Qf3 Ree6 28. Rf1 Qxc2 29. Rxf7 Rgf6 30. Rxf6 Bxf6 31. Qg4+ Kf7 32. Qh5+ Kg8 33. Qg4+ Kf7 34. Qh5+ Kg8 35. Qxd5 Qc6 36. Qf5 Kg7 37. Bg5 h6 38. Bxf6+ Rxf6 39. Qxf6+ Qxf6 40. Rxf6 Kxf6 41. Kf2 Kf5 42. Kf3 h5 43. h4 Ke5 44. g4 1-0

[Event "Olympiad Women-44"]
[Site "Chennai"]
[Date "2022.08.08"]
[Round "10.2"]
[White "Heba, Assi"]
[Black "Vasquez Jaen, Lourdes Lorena"]
[Result "1-0"]
[WhiteElo "1449"]
[BlackElo "1653"]
[PlyCount "65"]
[EventDate "2022.07.29"]
[EventType "team-swiss"]
[EventRounds "11"]
[EventCountry "IND"]
[SourceTitle "CBM 210"]
[Source "ChessBase"]
[SourceDate "2022.10.31"]
[SourceVersion "1"]
[SourceVersionDate "2022.10.31"]
[SourceQuality "1"]
[WhiteTeam "Palestine (W)"]
[BlackTeam "Panama (W)"]
[WhiteTeamCountry "PLE"]
[BlackTeamCountry "PAN"]

1. d4 Nf6 2. Nf3 g6 3. e3 Bg7 4. b3 0-0 5. Bb2 d6 6. Be2 Nbd7 7. 0-0 Re8 8. Nbd2 e5 9. dxe5 dxe5 10. c4 c6 11. Qc2 Qe7 12. Rac1 b6 13. Rfd1 e4 14. Nd4 Bb7 15. Nb1 a6 16. Qd2 Rad8 17. b4 c5 18. bxc5 bxc5 19. Ba3 Ne5 20. Qa5 Nd3 21. Bxd3 exd3 22. Bxc5 Qe4 23. Nf3 Qg4 24. Nbd2 Ne4 25. h3 Qf5 26. Bb4 Be5 27. Nxe4 Qxe4 28. Bc3 Bb8 29. Qg5 f5 30. Qf6 Be5 31. Bxe5 Rxe5 32. Qxd8+ Kf7 33. Ng5+ 1-0

[Event "Olympiad Women-44"]
[Site "Chennai"]
[Date "2022.07.31"]
[Round "3.2"]
[White "Vasquez Jaen, Lourdes Lorena"]
[Black "Ter Avetisjana, Agnesa Stepania"]
[Result "1/2-1/2"]
[WhiteElo "1653"]
[BlackElo "1962"]
[PlyCount "142"]
[EventDate "2022.07.29"]
[EventType "team-swiss"]
[EventRounds "11"]
[EventCountry "IND"]
[SourceTitle "CBM 210"]
[Source "ChessBase"]
[SourceDate "2022.10.31"]
[SourceVersion "1"]
[SourceVersionDate "2022.10.31"]
[SourceQuality "1"]
[WhiteTeam "Panama (W)"]
[BlackTeam "Latvia (W)"]
[WhiteTeamCountry "PAN"]
[BlackTeamCountry "LAT"]

1. e4 c6 2. d4 d5 3. Nc3 dxe4 4. Nxe4 Bf5 5. Ng3 Bg6 6. Nf3 Nd7 7. h4 h6 8. h5 Bh7 9. Bd3 Bxd3 10. Qxd3 Ngf6 11. Bf4 e6 12. 0-0-0 Qa5 13. Kb1 0-0-0 14. Bd2 Qc7 15. Ne4 Nxe4 16. Qxe4 Nf6 17. Qe2 Rd5 18. c4 Rxh5 19. Rxh5 Nxh5 20. Ne5 Nf6 21. Bf4 Rg8 22. d5 Bd6 23. dxe6 fxe6 24. Nxc6 Qxc6 25. Qxe6+ Qd7 26. Rxd6 Qxe6 27. Rxe6 Kd7 28. Rd6+ Ke7 29. Rd3 Rc8 30. b3 Ke6 31. Be3 b6 32. Bd4 Rc7 33. Re3+ Kf7 34. Rf3 Re7 35. Bxf6 gxf6 36. Kb2 Re2+ 37. Ka3 Rc2 38. b4 Rxc4 39. Kb3 Rg4 40. g3 Rd4 41. Kc3 Rd1 42. Kc4 Rd2 43. a3 a6 44. Kc3 Re2 45. Kd3 Ra2 46. Ke4 Rd2 47. Ke3 Rb2 48. Ke4 Kg6 49. Kd5 a5 50. bxa5 bxa5 51. Ke6 f5 52. Kd5 Kg5 53. Rf4 h5 54. Ke5 Re2+ 55. Kd4 h4 56. Rxh4 Rxf2 57. Ke3 Rg2 58. Kf3 Rd2 59. Ra4 Rd5 60. Ke3 Rb5 61. Kf2 Kf6 62. Kf3 Ke5 63. Ke3 Rb3+ 64. Kf2 Rb2+ 65. Kf3 Rb5 66. Ke3 Rd5 67. Kf3 Rc5 68. Ke3 Rb5 69. Kf3 Rb3+ 70. Kf2 Rb2+ 71. Kf3 Rb5 1/2-1/2

[Event "Central America Carribean-ch U20 Girls"]
[Site "Pereira"]
[Date "2021.09.25"]
[Round "7"]
[White "Vasquez Jaen, Lourdes Lorena"]
[Black "Valencia Lopez, Greissy Sofia"]
[Result "0-1"]
[WhiteElo "1732"]
[BlackElo "1372"]
[PlyCount "76"]
[EventDate "2021.09.21"]
[EventType "swiss"]
[EventRounds "9"]
[EventCountry "COL"]
[SourceTitle "EXT 2023"]
[Source "ChessBase"]
[SourceDate "2022.10.05"]
[SourceVersion "1"]
[SourceVersionDate "2022.10.05"]
[SourceQuality "1"]

1. Nf3 Nf6 2. g3 g6 3. Bg2 Bg7 4. 0-0 0-0 5. d4 d5 6. Nbd2 Bf5 7. Nh4 Be6 8. f4 Ng4 9. Nb3 f5 10. Nc5 Bc8 11. e3 e6 12. c4 c6 13. Qc2 b6 14. Nd3 Nd7 15. Rb1 Ba6 16. b3 Rc8 17. h3 Ngf6 18. Ba3 c5 19. Rfe1 Re8 20. Ne5 cxd4 21. exd4 dxc4 22. bxc4 Nxe5 23. dxe5 Nh5 24. Red1 Qc7 25. Kh2 Red8 26. Qa4 Qxc4 27. Rxd8+ Rxd8 28. Qxc4 Bxc4 29. Rb2 Rd3 30. Bd6 Nxg3 31. Rc2 b5 32. Nf3 Ne4 33. Bb8 Bh6 34. Ng5 Nxg5 35. fxg5 Bxg5 36. Bf1 Bf4+ 37. Kg1 Rd1 38. Rf2 Be3 0-1

[Event "Central America Carribean-ch U20 Girls"]
[Site "Pereira"]
[Date "2021.09.24"]
[Round "5"]
[White "Vasquez Jaen, Lourdes Lorena"]
[Black "Varela, Maria de los Angele"]
[Result "0-1"]
[WhiteElo "1732"]
[BlackElo "1826"]
[PlyCount "96"]
[EventDate "2021.09.21"]
[EventType "swiss"]
[EventRounds "9"]
[EventCountry "COL"]
[SourceTitle "EXT 2023"]
[Source "ChessBase"]
[SourceDate "2022.10.05"]
[SourceVersion "1"]
[SourceVersionDate "2022.10.05"]
[SourceQuality "1"]

1. Nf3 Nf6 2. g3 g6 3. Bg2 Bg7 4. 0-0 0-0 5. d4 d6 6. c4 Nc6 7. Nc3 a6 8. h3 Rb8 9. e4 Na5 10. Qd3 b5 11. b3 c5 12. cxb5 axb5 13. Nxb5 Ba6 14. a4 Nd7 15. Be3 cxd4 16. Nfxd4 Nc5 17. Qe2 e5 18. Nc2 Naxb3 19. Rab1 Nxa4 20. Rxb3 Bxb5 21. Rxb5 Nc3 22. Qd2 Nxb5 23. Rd1 Qd7 24. Bf1 Rfc8 25. Nb4 Nc3 26. Rc1 Rxb4 27. Rxc3 Rxc3 28. Qxc3 Rxe4 29. Qb3 Ra4 30. Qb8+ Bf8 31. Bb5 Ra1+ 32. Kh2 Qe7 33. Bh6 Rb1 34. Qxf8+ Qxf8 35. Bxf8 Kxf8 36. Bc4 e4 37. g4 f5 38. gxf5 gxf5 39. Kg3 Ke7 40. Bg8 h6 41. Bd5 Kf6 42. f3 e3 43. Bc4 d5 44. Bd3 Rb3 45. Ba6 d4 46. f4 d3 47. Kf3 d2 48. Be2 Rb1 0-1